00692nam a2200181 a 450000100060000000300090000600800410001502000150005604000280007108200230009910000200012224500590014226000250020130000100022650501580023665000620039465000540045622882CO-ViMGA141112s2004 ck r 000 u spa d a8497321960 aCO-ViMGAbspacCO-ViMGA04aMEVIECAR.642 L491g1 aLizasoain, Luis10aGestiòn y anàlisis de datos con sps versiòn 11 aEspaña : bThomson a480p. aNormas generales de operacion, Modificacion de las variables, Automatizacion de tareas en spss, Analisis estadistico basico, Definicion de las variables14aESTADISTICAS - PROGRAMACION PARA COMPUTADORES - MANUALES14aSPS ( PROGRAMACION PARA COMPUTADORES) - MANUALES